000 00499cam a2200205ua 4500
001 9685
005 20260515114518.0
008 160319n ii |||gr||||Z||||||hin
020 _a9788190866835
040 _cMAIN
041 _ahin
082 _a891.431
100 _aSahay, Alakh Niranjan,
_eEditor.
245 1 _aKabyanjali
_ced. by Alakh Niranjan Sahay
250 _a3rd ed.
260 _aDibrugarh:
_bMahaveer publications,
_c2015.
300 _a116p.
653 _aHindi poem
942 _cBK
999 _c8694
_d8694